000 00315nam a22001337a 4500
008 170629b xxu||||| |||| 00| 0 eng d
020 _a9780787242466
041 _aeng
080 _a82
100 _a22
101 _aGJL
245 _aA HUMANITIES APPROACH TO ANCIENT WAYS OF THINKING
_cSHIN, U
942 _2udc
_cBK
999 _c19568
_d19568